000 01189nam a2200301 i 4500
001 000013415
003 DO-SdBNP
005 20250630100924.0
007 ta
008 091124t1980 dr ac 001 0bspa d
040 _aDO-SdBNP
_bspa
_cBNPHU
_erda
082 4 _a923.17293053
_bT866ar
_222
100 1 _aArzeno Rodríguez, Luis,
_d1922-
_930661
_eautor
245 1 0 _aChapita no ... Trujillo! /
_cLuis Arzeno Rodríguez.
264 1 _aSanto Domingo :
_bIndustria de Artes Gráficas Ril,
_c1980
300 _a134 páginas :
_bilustraciones, retratos ;
_c21 cm.
336 _2rdacontent
_atexto
_btxt
337 _2rdamedia
_asin mediación
_bn
338 _2rdacarrier
_avolumen
_bnc
500 _aIncluye datos biográficos del autor en la contracubierta.
504 _aBibliografía : página 133.
590 _aInventariado, 2020/BT
600 1 0 _aTrujillo Molina, Rafael Leónidas,
_d1891-1961
_vAnécdotas, chistes y sátiras, etc.
_922667
651 4 _aRepública Dominicana
_xPolítica y gobierno
_yEra de Trujillo, 1930-1961
_91374
651 0 _aRepública Dominicana
_xHistoria
_yEra de Trujillo, 1930-1961
_978796
910 _aValidado. Control de calidad EMS.
942 _2ddc
_cLBS1
999 _c13041
_d13041